Възходът на свръхчовека (Запис номер 184609)
[ съкратено ]
| 000 -Лидер | |
|---|---|
| Контролно поле с фиксирана дължина | 01718nam a2200397 c 4500 |
| 003 - Код на организацията, давaща контролен номер | |
| Контролно поле | BLK |
| 005 - Дата и час на последна редакция | |
| Контролно поле | 20220907153418.0 |
| 008 - Елементи от данни с фиксирана дължина | |
| fixed length control field | 180411b bul|||||r ||||||| ||bul|| |
| 010 ## - Наследен системен номер | |
| LC control number | KNG00193575000 |
| 020 ## - Международен стандартен номер на книга ISBN | |
| Международен стандартен номер на книга ISBN | 978-954-9535-91-4 |
| -- | издат.: Вакон |
| 040 ## - Източник на каталожния запис | |
| Идентификатор на билиотеката - собственик на записа | BLK |
| 041 ## - Код за език | |
| Код за езика на текст/звукозапис или на отделно заглавие | Български |
| Код за езика КДБФ | Български |
| 072 #7 - Код за тематичната категория | |
| Код организация | bullib |
| Код за тематична категория | Н79 |
| Текст | Спорт Н |
| 080 ## - УДК | |
| Текстов определител УДК | Спорт. Физическа култура |
| УДК код - определител по УДК | 796/799 |
| УДК определител | :15 |
| УДК - код + определител | 796/799:15 |
| 080 ## - УДК | |
| Текстов определител УДК | Психофизиология. Стрес (псих.). Вж и 612.821 |
| УДК код - определител по УДК | 159.91 |
| УДК определител | |
| УДК - код + определител | 159.91 |
| 100 1# - Редна дума - Автор | |
| Автор | Котлър, Стивън |
| Авторска отговорност | първи автор |
| R(LIN) | 343576 |
| 139 ## - Редно поле | |
| Редна дума | Котлър, Стивън |
| Авторски знак | Кот - К 87 |
| 245 10 - Сведения за заглавието | |
| Заглавие | Възходът на свръхчовека |
| Подзаглавни данни | Невероятно изследване на свръхчовешките постижения |
| Редно поле (дума) | Стивън Котлър; прев. от англ. Евгения Добринова Стойкова. |
| 257 ## - Страна на издаване | |
| Страна на създаване/издаване | Съединени американски щати |
| 260 ## - Област на издателските данни | |
| -- | София |
| Име на издателя, разпространителя и проч. | Вакон |
| Година на издаване | 2016 |
| Печатница | София : Алианс принт |
| 300 ## - Физическа характеристика | |
| Страници | 287 с. |
| Размери/Мащаб | 21 см |
| 380 ## - Жанр | |
| Жанр | 793/799 Спорт |
| 500 ## - Общи забележки | |
| Забележка | Ориг. загл.: The rise of superman / Steven Kotler. |
| 650 #4 - Допълнително описание по предмет – тема | |
| Основно описание – тема или топоним | Спортна тренировка - психологични проблеми |
| 9 (RLIN) | 262729 |
| 650 #4 - Допълнително описание по предмет – тема | |
| Основно описание – тема или топоним | Интелект |
| 9 (RLIN) | 157292 |
| 653 ## - Ключова дума – ненормативна | |
| Ключова дума | спортни тренировки |
| 653 ## - Ключова дума – ненормативна | |
| Ключова дума | интелект |
| 653 ## - Ключова дума – ненормативна | |
| Ключова дума | психомоторно развитие |
| 659 ## - Тематичен бюлетин | |
| Тематичен бюлетин | Н |
| 700 1# - Други автори (авторска отговорност) | |
| Лично име | Стойкова, Евгения Добринова |
| Автороска отговорност (Описва отношението между автора и произведението) | прев. от англ. |
| 9 (RLIN) | 343577 |
| 852 ## - Местоположение | |
| Форматна сигнатура | Цб 282804 |
| 856 4# - Електронен адрес и достъп | |
| Електронен формат | pdf - файл |
| Път до файла /url/ | |
| 856 4# - Електронен адрес и достъп | |
| Електронен формат | pdf - файл |
| Път до файла /url/ | |
| 942 ## - АРТИКУЛИ | |
| Вид на библиотечния материал | Книги |
| Скрит в OPAC | Не |
| Koha issues (borrowed), all copies | 2 |
| 944 ## - СЪЗДАВАНЕ И РЕДАКЦИЯ на ЗАПИСА | |
| Създаване/Редакция | Създаване |
| Дата на регистрацията/редакция | 18.10.2016 |
| Служител, извършил регистрацията/редакцията | Виолета_Тройчева |
| 944 ## - СЪЗДАВАНЕ И РЕДАКЦИЯ на ЗАПИСА | |
| Създаване/Редакция | Редакция |
| Дата на регистрацията/редакция | 02.11.2016 |
| Служител, извършил регистрацията/редакцията | Грета_Цуфелде |
| 999 ## - СИСТЕМНИ КОНТРОЛНИ НОМЕРА | |
| Koha biblionumber | 184609 |
| Koha biblioitemnumber | 184609 |
| Код за отписване | Код за изгубен артикул | Код за повреда | Коз за рестрикции | Код за отдаване | Артикулен № | Име на библиотеката - собственик | Име на библиотеката, в която се намира в момента | Статус (Текущо местоположение) | Дата на вписване в системата | Местоположение - отдел | Цена в лева | Инвентарен номер | Систематично азбучна сигнатура | Баркод | Номер на екземпляра | Цена в евро | Служебна бележка | Служебен тип на артикула | Източник на класификационната схема |
|---|---|---|---|---|---|---|---|---|---|---|---|---|---|---|---|---|---|---|---|
| Не е изгубен | Не е повреден | без рестрикции | ползва се в читалня | 319227 | Регионална библиотека "Любен Каравелов" Русе | Регионална библиотека "Любен Каравелов" Русе | Хранилище | 2016-10-18 | Хранилище | 17.00 | 120000804901 | Цб 282804 | 120000804901 | 1 | 8.69 | Дост: Dp Вид: Д N: 39 Дата: 30.08.2016 | Книги | ||
| Не е изгубен | Не е повреден | без рестрикции | заемане за дома | 900237 | Регионална библиотека "Любен Каравелов" Русе | Регионална библиотека "Любен Каравелов" Русе | Заемна - подръчен фонд | 2022-08-15 | Заемна - подръчен фонд | 17.00 | 159.9/К 87 С | 120000874018 | 8.69 | Книги | Universal Decimal Classification |